[Event "ESP-ch U14"]
[Site "Padron"]
[Date "2008.07.15"]
[Round "5"]
[White "Toba Rodriguez, Francisco Javier"]
[Black "Pacheco Rubi, Rafael"]
[Result "0-1"]
[WhiteElo "1711"]
[BlackElo "1911"]
[PlyCount "84"]
[EventDate "2008.07.13"]
[EventType "swiss"]
[EventRounds "9"]
[EventCountry "ESP"]
[SourceTitle "CBM 125 Extra"]
[Source "ChessBase"]
[SourceDate "2008.09.01"]
[SourceVersion "1"]
[SourceVersionDate "2008.09.01"]
[SourceQuality "1"]

1. e4 c5 2. Nf3 Nc6 3. d4 cxd4 4. Nxd4 Nf6 5. Nc3 d6 6. f3 Bd7 7. Be3 a6 8. Qd2 e6 9. g4 Nxd4 10. Qxd4 Bc6 11. 0-0-0 b5 12. h4 Qb8 13. Qb6 Qxb6 14. Bxb6 b4 15. Ne2 d5 16. e5 Nd7 17. Bd4 Be7 18. g5 0-0 19. f4 Rfb8 20. h5 a5 21. Rg1 a4 22. g6 fxg6 23. hxg6 h6 24. Bh3 Nf8 25. Rg3 Bb5 26. Ng1 Be8 27. f5 Bh4 28. Rg4 Bg5+ 29. Kb1 exf5 30. Rg2 Bxg6 31. Bc5 Ne6 32. Bd6 Rb5 33. Rf2 Nf4 34. Bf1 Rb6 35. Bg2 Nxg2 36. Rxg2 b3 37. axb3 axb3 38. Nf3 bxc2+ 39. Kxc2 Rc8+ 40. Kd3 Rb3+ 41. Ke2 Rc2+ 42. Kf1 Rxf3+ 0-1

[Event "ESP-ch U14"]
[Site "Padron"]
[Date "2008.07.14"]
[Round "3"]
[White "Pacheco Rubi, Rafael"]
[Black "Piriz Fernandez, Daniel"]
[Result "1-0"]
[WhiteElo "1911"]
[BlackElo "1752"]
[PlyCount "65"]
[EventDate "2008.07.13"]
[EventType "swiss"]
[EventRounds "9"]
[EventCountry "ESP"]
[SourceTitle "CBM 125 Extra"]
[Source "ChessBase"]
[SourceDate "2008.09.01"]
[SourceVersion "1"]
[SourceVersionDate "2008.09.01"]
[SourceQuality "1"]

1. e4 e6 2. d4 d5 3. Nc3 Bb4 4. Nge2 dxe4 5. a3 Be7 6. Nxe4 Nf6 7. N2g3 Nc6 8. c3 Nxe4 9. Nxe4 Qd5 10. Nd2 0-0 11. Qc2 Re8 12. Bd3 h6 13. Be4 Qd7 14. f4 Bh4+ 15. g3 Bf6 16. Nc4 Rb8 17. 0-0 b6 18. Ne3 Bb7 19. Qg2 Na5 20. Bxb7 Nxb7 21. Ng4 Be7 22. Ne5 Qc8 23. Qf3 Nd6 24. Qh5 f5 25. Re1 Bf6 26. Nd3 Qd7 27. Be3 Ne4 28. Nf2 Nxf2 29. Bxf2 Qb5 30. Re2 Re7 31. Rae1 Rbe8 32. g4 fxg4 33. Qxb5 1-0

[Event "ESP-ch U14"]
[Site "Padron"]
[Date "2008.07.13"]
[Round "2"]
[White "Sierra Soria, Maria"]
[Black "Pacheco Rubi, Rafael"]
[Result "1/2-1/2"]
[WhiteElo "1708"]
[BlackElo "1911"]
[PlyCount "71"]
[EventDate "2008.07.13"]
[EventType "swiss"]
[EventRounds "9"]
[EventCountry "ESP"]
[SourceTitle "CBM 125 Extra"]
[Source "ChessBase"]
[SourceDate "2008.09.01"]
[SourceVersion "1"]
[SourceVersionDate "2008.09.01"]
[SourceQuality "1"]

1. c4 e5 2. Nc3 Nf6 3. Nf3 Nc6 4. e3 Bb4 5. Qc2 0-0 6. Nd5 Re8 7. Qf5 Nxd5 8. cxd5 Ne7 9. Qxe5 c6 10. dxc6 dxc6 11. Qd4 Qxd4 12. Nxd4 Nf5 13. Nf3 c5 14. Bb5 Re7 15. 0-0 a6 16. Ba4 b5 17. Bc2 Nd6 18. d3 Bb7 19. Nd2 Rd8 20. Nb3 c4 21. dxc4 Nxc4 22. a3 Bd6 23. Nd4 Be5 24. b3 Na5 25. Bb2 Bd5 26. Rfd1 Red7 27. b4 Nc4 28. Rab1 Nxb2 29. Rxb2 Bb7 30. Bb3 Bxd4 31. exd4 Rxd4 32. Rxd4 Rxd4 33. Re2 Kf8 34. f3 Rd3 35. Rb2 Ke7 36. Rb1 1/2-1/2